000
00158nam a22000857a 4500
082
_a
823
100
_a
OLIVER GOLD
245
_a
SHE STOOPS TO CONQUER
942
_c
BK
999
_c
8112
_d
8112